Statistiques concernant Grille de mots #11

Cliquez ici pour prendre le quiz!

Statistiques générales

  • Ce quiz a été pris 57 fois
  • Le résultat moyen est 67 sur 87

Statistiques - réponses

Place de la lettreRéponses% Correct
1 HI
88%
3 IG
86%
2 HI
86%
3 JR
86%
1 AI
84%
10 HE
82%
1 JE
82%
10 JE
82%
9 JN
82%
3 AP
82%
2 JR
82%
8 GS
82%
10 IT
82%
9 IU
82%
9 GU
82%
7 HA
80%
7 IC
80%
5 IE
80%
2 IE
80%
4 JE
80%
3 FI
80%
10 DI
80%
5 JR
80%
1 IR
80%
2 FR
80%
1 FT
80%
1 GA
78%
8 IA
78%
9 FB
78%
3 BE
78%
1 DE
78%
7 JE
78%
6 DI
78%
5 HI
78%
6 HL
78%
9 DM
78%
2 AM
78%
1 BN
78%
10 FN
78%
1 EN
78%
10 AO
78%
3 GO
78%
8 AR
78%
8 JR
78%
6 IS
78%
3 CS
78%
8 HT
78%
1 CV
78%
8 BA
76%
2 EA
76%
10 BA
76%
3 DA
76%
9 BD
76%
10 EE
76%
7 DE
76%
4 HE
76%
9 CE
76%
9 AI
76%
8 CM
76%
4 AR
76%
10 CS
76%
6 FU
76%
7 AA
74%
5 EC
74%
2 GD
74%
5 AE
74%
6 GE
74%
5 FO
74%
2 BO
74%
4 FP
74%
6 CR
74%
6 AS
74%
5 GT
74%
6 ET
74%
2 DT
74%
4 BU
74%
2 CU
74%
7 FX
74%
5 BD
72%
7 BD
72%
4 EI
72%
7 CI
72%
4 DL
72%
4 GP
72%
7 EU
72%
5 CF
70%
8 ES
70%

Distribution des résultats

Percentile par nombre de réponses

% des personnes avec chaque résultat

Votre développement - résultats

Vous n’avez pas pris ce quiz